000 00722nam a2200253Ia 4500
003 OSt
005 20220928103942.0
006 a|||||r|||| 00| 0
007 ta
008 220927b |||||||| |||| 00| 0 hin d
020 _c895
024 _a118099
037 _b1990, 09/10/2012, Kiran Book Service
_cTextual
040 _aSDCL
_cSDCL
_bhin
041 _2hin
_ahin
082 _aY:1.2'P, Q3
100 _aSharma Deepti
_9407692
245 0 _aBhartiya Samaj avem Sanskar.
260 _aJaipur
_bRitu Publications
_c2013
300 _a250p
_ccm.
650 _aSanskrit
_9391587
942 _hY:1.2'P, Q3
_cTEXL
_2CC
999 _c723225
_d723225